<?xml version="1.0" encoding="UTF-8"?><?xml-stylesheet type="text/xsl" href="static/style.xsl"?><OAI-PMH xmlns="http://www.openarchives.org/OAI/2.0/" xmlns:xsi="http://www.w3.org/2001/XMLSchema-instance" xsi:schemaLocation="http://www.openarchives.org/OAI/2.0/ http://www.openarchives.org/OAI/2.0/OAI-PMH.xsd"><responseDate>2026-04-17T02:28:16Z</responseDate><request verb="GetRecord" identifier="oai:www.recercat.cat:2445/34661" metadataPrefix="marc">https://recercat.cat/oai/request</request><GetRecord><record><header><identifier>oai:recercat.cat:2445/34661</identifier><datestamp>2025-12-05T05:18:13Z</datestamp><setSpec>com_2072_1057</setSpec><setSpec>col_2072_478838</setSpec><setSpec>col_2072_478917</setSpec><setSpec>col_2072_478932</setSpec></header><metadata><record xmlns="http://www.loc.gov/MARC21/slim" xmlns:dcterms="http://purl.org/dc/terms/" xmlns:xsi="http://www.w3.org/2001/XMLSchema-instance" xmlns:doc="http://www.lyncode.com/xoai" xsi:schemaLocation="http://www.loc.gov/MARC21/slim http://www.loc.gov/standards/marcxml/schema/MARC21slim.xsd">
   <leader>00925njm 22002777a 4500</leader>
   <datafield ind2=" " ind1=" " tag="042">
      <subfield code="a">dc</subfield>
   </datafield>
   <datafield ind2=" " ind1=" " tag="720">
      <subfield code="a">Souto Oliveira, Adélia Augusta</subfield>
      <subfield code="e">author</subfield>
   </datafield>
   <datafield ind2=" " ind1=" " tag="720">
      <subfield code="a">Codina, Núria (Codina Mata)</subfield>
      <subfield code="e">author</subfield>
   </datafield>
   <datafield ind2=" " ind1=" " tag="260">
      <subfield code="c">2013-04-19T10:06:25Z</subfield>
   </datafield>
   <datafield ind2=" " ind1=" " tag="260">
      <subfield code="c">2013-04-19T10:06:25Z</subfield>
   </datafield>
   <datafield ind2=" " ind1=" " tag="260">
      <subfield code="c">2012</subfield>
   </datafield>
   <datafield ind2=" " ind1=" " tag="260">
      <subfield code="c">2013-04-19T10:06:25Z</subfield>
   </datafield>
   <datafield ind2=" " ind1=" " tag="520">
      <subfield code="a">La investigación-intervención psicosocial requiere reflexionar sobre su alcance respecto a la transformación de la realidad. Establecer un diálogo con diferentes propuestas permite valorar las posibilidades y límites de la intervención realizada. En este trabajo, se describen el contexto sociocultural donde se interviene y las actividades realizadas con niños y jóvenes en situación de desigualdad social de la costa del Noroeste del Brasil. Los resultados obtenidos se discuten desde una perspectiva social crítica que propone un uso del tiempo de ocio como tiempo para la transformación en pro del comportamiento autocondicionado y la apropiación del tiempo; todo ello, sin desatender a la formación para la reflexión crítica respecto al sí mismo de la persona. Desde esta perspectiva, se sugiere incorporar, a partir de las posibilidades de la apropiación y el uso autocondicionado del tiempo, nuevos objetivos y actividades en futuros proyectos de investigación-intervención</subfield>
   </datafield>
   <datafield tag="653" ind2=" " ind1=" ">
      <subfield code="a">Psicologia social</subfield>
   </datafield>
   <datafield tag="653" ind2=" " ind1=" ">
      <subfield code="a">Classes socials</subfield>
   </datafield>
   <datafield tag="653" ind2=" " ind1=" ">
      <subfield code="a">Lleure</subfield>
   </datafield>
   <datafield tag="653" ind2=" " ind1=" ">
      <subfield code="a">Social psychology</subfield>
   </datafield>
   <datafield tag="653" ind2=" " ind1=" ">
      <subfield code="a">Social classes</subfield>
   </datafield>
   <datafield tag="653" ind2=" " ind1=" ">
      <subfield code="a">Leisure</subfield>
   </datafield>
   <datafield ind2="0" ind1="0" tag="245">
      <subfield code="a">Investigación-Intervención Psicosocial: Experiencia Visitada desde la Psicosociología del Tiempo Libre</subfield>
   </datafield>
</record></metadata></record></GetRecord></OAI-PMH>